000 00389nam a2200133Ia 4500
008 190722s9999 xx 000 0 und d
020 _a978-81-265-5640-3
100 _aAnton, Bivens, Davis
245 0 _aCalculus
260 _aSingapore (Bangkok), New Delhi (India)
_bWiley India PVt. Ltd. / John Wiley & Sons (Asia) Pte. Ltd.
_c2016
300 _a1168p.:
942 _cBK
942 _e10th Ed.
999 _c926
_d926